Wortgemisch Bundesliga Spieler - Statistiken

Allgemein
  • Dieses Quiz wurde 38 mal gespielt
  • Das Durchschnittsergebnis liegt bei 5 aus 11
Antwortstatistiken
Hint Antwort % Korrekt
Ohgu Kieetik Hugo Ekitike
74%
Sedanar Kvos Noles Andreas Skov Olsen
71%
Nifn Thjlesc Finn Jeltsch
68%
Icamhel Lesio Michael Olise
65%
Ckanfr Oanroth Franck Honorat
61%
Aerlodno Bturntcetoi Leonardo Bittencourt
45%
Othus Hicamno Shuto Machino
45%
Nemredi Vicodimer Ermedin Demirovic
39%
Ljaohsca Milekne Aljoscha Kemlein
29%
Meija Wleeglin Jaime Leweling
29%
Cenaren Myraiicd Erencan Yardimci
10%
Keine übereinstimmenden Quizze gefunden
Verteilung der Resultate
Anzahl Personen mit jedem Resultat
Perzentil nach korrekt beantworteten Fragen
Ihre Resultats-Entwicklung
Sie haben dieses Quiz noch nicht gespielt